<?xml version="1.0" encoding="UTF-8"?><?xml-stylesheet type="text/xsl" href="static/style.xsl"?><OAI-PMH xmlns="http://www.openarchives.org/OAI/2.0/" xmlns:xsi="http://www.w3.org/2001/XMLSchema-instance" xsi:schemaLocation="http://www.openarchives.org/OAI/2.0/ http://www.openarchives.org/OAI/2.0/OAI-PMH.xsd"><responseDate>2026-04-17T01:28:59Z</responseDate><request verb="GetRecord" identifier="oai:www.recercat.cat:2117/422679" metadataPrefix="marc">https://recercat.cat/oai/request</request><GetRecord><record><header><identifier>oai:recercat.cat:2117/422679</identifier><datestamp>2026-01-23T02:49:38Z</datestamp><setSpec>com_2072_1033</setSpec><setSpec>col_2072_452949</setSpec></header><metadata><record xmlns="http://www.loc.gov/MARC21/slim" xmlns:dcterms="http://purl.org/dc/terms/" xmlns:xsi="http://www.w3.org/2001/XMLSchema-instance" xmlns:doc="http://www.lyncode.com/xoai" xsi:schemaLocation="http://www.loc.gov/MARC21/slim http://www.loc.gov/standards/marcxml/schema/MARC21slim.xsd">
   <leader>00925njm 22002777a 4500</leader>
   <datafield ind2=" " ind1=" " tag="042">
      <subfield code="a">dc</subfield>
   </datafield>
   <datafield ind2=" " ind1=" " tag="720">
      <subfield code="a">Sorondo Cosio, Martin</subfield>
      <subfield code="e">author</subfield>
   </datafield>
   <datafield ind2=" " ind1=" " tag="260">
      <subfield code="c">2024-12</subfield>
   </datafield>
   <datafield ind2=" " ind1=" " tag="520">
      <subfield code="a">In the Real Estate Portfolio of the Ministry of Housing and Territorial Planning of Uruguay, Zone Maps are prepared with the objective of calling for bids in the Project Price and Land modality for the construction of social housing. For this purpose, urban planning criteria were established and sources from both the Departmental Governments and local technicians from the Ministry were consulted. In the present work it is proposed to analyze the procedure used to create the Map of the city of Maldonado. Identify the fundamental requirements regarding urban services and qualities, georeferenced them, establishing buffer areas that will result in the determination of feasible surfaces to be chosen by private companies for the construction of housing by the Ministry. The Zones established on the Maps will be compared with the results generated by cartography carried out in different situations, arriving at conclusions and suggestions.</subfield>
   </datafield>
   <datafield ind2=" " ind1=" " tag="520">
      <subfield code="a">En la Cartera de Inmuebles del Ministerio de Vivienda y Ordenamiento Territorial de Uruguay se elaboran Mapas de Zonas con el objetivo de realizar llamados a licitación en modalidad Precio Proyecto y Terreno para la construcción de vivienda social. Para ello se establecieron criterios urbanísticos y se consultaron fuentes tanto de los Gobiernos Departamentales como técnicos locales del Ministerio. En el presente trabajo se propone analizar el procedimiento utilizado para la conformación del Mapa de la ciudad de Maldonado. Identificar los requisitos fundamentales respecto de los servicios y cualidades urbanas, georreferenciarlos, estableciendo áreas buffers que resultaran en la determinación de superficies factibles de ser elegidas por empresas privadas para la construcción de viviendas por el Ministerio. Se compararán las Zonas establecidas en los Mapas con los resultados generados por la cartografía realizada en distintas situaciones, arribando a conclusiones y sugerencias.</subfield>
   </datafield>
   <datafield ind2=" " ind1=" " tag="520">
      <subfield code="a">Peer Reviewed</subfield>
   </datafield>
   <datafield tag="653" ind2=" " ind1=" ">
      <subfield code="a">Mapas de zonas</subfield>
   </datafield>
   <datafield tag="653" ind2=" " ind1=" ">
      <subfield code="a">Ciudades intermedias</subfield>
   </datafield>
   <datafield tag="653" ind2=" " ind1=" ">
      <subfield code="a">Uruguay</subfield>
   </datafield>
   <datafield tag="653" ind2=" " ind1=" ">
      <subfield code="a">Llamados licitación PPT</subfield>
   </datafield>
   <datafield tag="653" ind2=" " ind1=" ">
      <subfield code="a">Delimitación territorial Maldonado</subfield>
   </datafield>
   <datafield tag="653" ind2=" " ind1=" ">
      <subfield code="a">Zone maps</subfield>
   </datafield>
   <datafield tag="653" ind2=" " ind1=" ">
      <subfield code="a">Intermediate cities</subfield>
   </datafield>
   <datafield tag="653" ind2=" " ind1=" ">
      <subfield code="a">Uruguay</subfield>
   </datafield>
   <datafield tag="653" ind2=" " ind1=" ">
      <subfield code="a">PPT calls for tender</subfield>
   </datafield>
   <datafield tag="653" ind2=" " ind1=" ">
      <subfield code="a">Territorial delimitation Maldonado</subfield>
   </datafield>
   <datafield ind2="0" ind1="0" tag="245">
      <subfield code="a">Mapas de zonas en ciudades intermedias de Uruguay: criterios de delimitación territorial para la construcción de vivienda social</subfield>
   </datafield>
   <datafield ind2="0" ind1="0" tag="245">
      <subfield code="a">Maps of zones in intermediate cities of Uruguay: territorial delimitation criteria for the construction of social housing</subfield>
   </datafield>
</record></metadata></record></GetRecord></OAI-PMH>